000 00450cam a2200145 4500500
005 20251228050011.0
041 _afre
042 _adc
100 1 0 _aTilliette, Xavier
_eauthor
245 0 0 _aMichel Henry
260 _c2002.
500 _a1
786 0 _nArchives de philosophie | 65 | 4 | 2002-12-01 | p. 661f-670f | 0003-9632
856 4 1 _uhttps://shs.cairn.info/revue-archives-de-philosophie-2002-4-page-661f?lang=fr&redirect-ssocas=7080
999 _c1579537
_d1579537